Tätigkeitsbericht der Österreichischen Akademie der Wissenschaften

Bibliographic Details
Corporate Author: Österreichische Akademie der Wissenschaften
Format: Serial
Language:German
PhysicalDescription:zv.
Published: Wien Östereichische Akademie der Wissenschaften 1996-2009
Subjects:

MARC

LEADER 00000cas a2200000 a 4500
001 vtls001292680
003 SK-MaSNL
005 20260425194336.0
008 180129c19802009au au 0 0b0ger c
035 |a SNK000244426 
040 |a SNK  |b slo  |c SNK  |e AACR2 
041 0 |a ger 
043 |a e-au--- 
044 |a au  |c AT 
072 7 |a 00  |x Veda. Všeobecnosti. Základy vedy a kultúry. Vedecká práca  |2 konspekt 
080 |a 001.32  |2 2011 
080 |a (436.1)  |2 2011 
080 |a 050  |2 2011 
080 |a (047.1)  |2 2011 
110 2 |a Österreichische Akademie der Wissenschaften  |9 114150 
245 1 0 |a Tätigkeitsbericht der Österreichischen Akademie der Wissenschaften 
260 |a Wien  |b Östereichische Akademie der Wissenschaften  |c 1996-2009 
300 |a zv. 
310 |a 1x za 2 roky 
362 0 |a [1] (1978/79)-[4] (1984/85) ; 5 (1986/87) ; 1988/89-1994/95 ; 1996/98-2008/09  |z ZDB/2018 ; SKP 
500 |a Vychádza za predchádzajúce roky, napr. v r.1980 za r.1978/79, v r.1986 za r.1984/85 ... 
650 0 0 |a akadémie vied  |2 SNKPH  |9 261078 
651 7 |a Viedeň (Rakúsko)  |2 SNKPHgeo  |9 25604 
655 0 |a výročné správy  |2 SNKPH  |9 70580 
910 |a snk 
999 |c 11295  |d 13225 
952 |a SNK  |b SNK  |y PREZ  |7 0  |p 17A0105732  |o snkČSC 3119/1994-1995  |i snkV 1726/97  |8 2  |0 0  |1 0  |4 0  |d 1997-07-03  |l 0  |r 2005-01-02 00:00:00  |w 2026-02-21 
952 |a SNK  |b SNK  |y PREZ  |7 0  |p 17A0197304  |o snkČSC 3119/1996-1998  |i snkV 753/99  |8 3  |0 0  |1 0  |4 0  |d 1999-06-22  |l 0  |r 2005-01-02 00:00:00  |w 2026-02-21